[Event "58h World U20 ch"]
[Site "New Delhi IND"]
[Date "2019.10.17"]
[Round "3.36"]
[White "Albornoz Cabrera, Carlos Daniel"]
[Black "Risting, Eivind Olav"]
[Result "1-0"]
[WhiteElo "2581"]
[BlackElo "2289"]
[EventDate "2019.10.15"]
[PlyCount "55"]

1.Nf3 d5 2.d4 Nf6 3.c4 e6 4.Nc3 Bb4 5.cxd5 exd5 6.Bg5 h6 7.Bh4 g5 8.Bg3 
Ne4 9.Nd2 Nxc3 10.bxc3 Bxc3 11.Rc1 Ba5 12.h4 g4 13.e3 Bf5 14.Be2 h5 15.O-O
c6 16.Nb3 Bc7 17.Nc5 Qc8 18.Qb3 b6 19.Nd3 Be6 20.Rc3 Rh6 21.Nf4 Qd7 22.
Rfc1 Ke7 23.Bb5 Rh8 24.Bxc6 Nxc6 25.Rxc6 Bxf4 26.Bxf4 Rhc8 27.Rc7 Kf6 28.
Qb1 1-0

[Event "58h World U20 ch"]
[Site "New Delhi IND"]
[Date "2019.10.17"]
[Round "3.37"]
[White "Muthaiah, A. L."]
[Black "Doluweera, Minul Sanjula"]
[Result "1-0"]
[WhiteElo "2370"]
[BlackElo "2191"]
[EventDate "2019.10.15"]
[PlyCount "115"]

1.d4 Nf6 2.Nf3 d5 3.c4 e6 4.Nc3 Bb4 5.Bg5 h6 6.Bxf6 Qxf6 7.cxd5 exd5 8.
Qa4+ Nc6 9.e3 O-O 10.Be2 a6 11.a3 Bxc3+ 12.bxc3 Be6 13.O-O b5 14.Qb3 Na5 
15.Qb4 Nc4 16.Bxc4 bxc4 17.Qc5 Rab8 18.Qxc7 Rb3 19.Qa5 Rfb8 20.a4 Qf5 21.
Qxa6 Qd3 22.h3 Qxc3 23.Qd6 Qa5 24.Ne5 R3b6 25.Qe7 R6b7 26.Qd6 Qc7 27.Qxc7 
Rxc7 28.g4 Ra8 29.Ra3 f6 30.Ng6 Rca7 31.Rfa1 Ra5 32.Nf4 Bd7 33.Rb1 Kf7 34.
Rb6 Ke7 35.Kf1 g5 36.Ne2 Rxa4 37.Rxa4 Rxa4 38.Nc3 Ra5 39.Ke2 Be6 40.Rb7+ 
Bd7 41.Rb8 Be8 42.Rb7+ Ke6 43.f4 h5 44.f5+ Kd6 45.e4 hxg4 46.hxg4 Bc6 47.
Rf7 dxe4 48.Rxf6+ Kd7 49.Re6 Ra3 50.Kd2 Rb3 51.Kc2 Ra3 52.d5 Ba4+ 53.Kd2 
Bb3 54.Nxe4 Ra2+ 55.Kc3 Rg2 56.f6 Rxg4 57.f7 Rf4 58.Nf6+ 1-0

[Event "58h World U20 ch"]
[Site "New Delhi IND"]
[Date "2019.10.17"]
[Round "3.38"]
[White "Kukelko, Alexey"]
[Black "Flores Quillas, Diego Saul Rodrigo"]
[Result "1-0"]
[WhiteElo "2342"]
[BlackElo "2164"]
[EventDate "2019.10.15"]
[PlyCount "58"]

1.e4 c5 2.Nf3 e6 3.d4 cxd4 4.Nxd4 Nf6 5.Nc3 d6 6.g4 h6 7.h4 Nc6 8.Rg1 h5 
9.gxh5 Nxh5 10.Bg5 Nf6 11.Qd2 Qb6 12.Nb3 a6 13.O-O-O Qc7 14.Be2 Bd7 15.Kb1
b5 16.a3 Rb8 17.h5 Nxh5 18.Rh1 g6 19.f4 Rc8 20.Bf6 Rh6 21.f5 Nxf6 22.Rxh6 
Bxh6 23.Qxh6 exf5 24.exf5 Bxf5 25.Qh8+ Ke7 26.Qh4 Ke6 27.Bf3 d5 28.Nc5+ 
Kd6 29.Nxd5 Nxd5 1-0

[Event "58h World U20 ch"]
[Site "New Delhi IND"]
[Date "2019.10.17"]
[Round "4.2"]
[White "Khanin, Semen"]
[Black "Karthikeyan, Murali"]
[Result "1/2-1/2"]
[WhiteElo "2507"]
[BlackElo "2617"]
[EventDate "2019.10.15"]
[PlyCount "70"]

1.e4 c5 2.Nf3 Nc6 3.d4 cxd4 4.Nxd4 e6 5.Nc3 Nf6 6.Ndb5 d6 7.Bf4 e5 8.Bg5 
a6 9.Na3 b5 10.Bxf6 gxf6 11.Nd5 Bg7 12.c3 f5 13.exf5 Bxf5 14.Nc2 Be6 15.g3
Bxd5 16.Qxd5 Ne7 17.Qd2 O-O 18.Bg2 d5 19.O-O e4 20.Ne3 b4 21.Rad1 bxc3 22.
bxc3 Rc8 23.Nxd5 Qxd5 24.Qxd5 Nxd5 25.Rxd5 Rfe8 26.Ra5 Rxc3 27.Rxa6 Bd4 
28.Ra5 Rc2 29.Rg5+ Kh8 30.Rg4 f5 31.Rf4 Rxa2 32.Bh3 Rd2 33.Kh1 Rf8 34.Rxf5
Rxf5 35.Bxf5 Rxf2 1/2-1/2

[Event "58h World U20 ch"]
[Site "New Delhi IND"]
[Date "2019.10.17"]
[Round "4.14"]
[White "Anuj, Shrivatri"]
[Black "Costachi, Mihnea"]
[Result "0-1"]
[WhiteElo "2390"]
[BlackElo "2463"]
[EventDate "2019.10.15"]
[PlyCount "115"]

1.d4 d5 2.c4 c6 3.Nf3 Nf6 4.e3 Bg4 5.h3 Bh5 6.g4 Bg6 7.Ne5 e6 8.Nd2 Nbd7 
9.Nxg6 hxg6 10.Bg2 Bb4 11.Qb3 Qb6 12.O-O Bxd2 13.Bxd2 Ne4 14.Be1 Nef6 15.
cxd5 Qxb3 16.axb3 Nxd5 17.Bd2 g5 18.Kh2 Nf8 19.f4 gxf4 20.exf4 Nd7 21.Bxd5
cxd5 22.f5 Nf6 23.fxe6 Nxg4+ 24.Kg2 Nf6 25.Rae1 fxe6 26.Rxe6+ Kf7 27.Rd6 
Kg6 28.Bf4 Rad8 29.Rxd8 Rxd8 30.Rc1 Rd7 31.Kf3 Ne4 32.Ke3 Kf5 33.Be5 g5 
34.Rc8 Rh7 35.Rf8+ Ke6 36.Rf3 Ke7 37.b4 Rh6 38.Ke2 Rc6 39.Kd1 Rb6 40.Rb3 
a6 41.Kc2 Kf7 42.Kd1 Kg6 43.Bc7 Rb5 44.Kc2 Kh5 45.Bd8 Kh6 46.Bc7 Kg6 47.
Bd8 Kh5 48.Bc7 Kh4 49.Bb8 Rb6 50.Be5 Rc6+ 51.Kd1 b5 52.Rf3 Rc4 53.Rf8 Kxh3
54.Rh8+ Kg2 55.Rd8 Kf3 56.b3 Rc6 57.Rxd5 Nc3+ 58.Ke1 0-1

[Event "58h World U20 ch"]
[Site "New Delhi IND"]
[Date "2019.10.17"]
[Round "4.25"]
[White "Arjun, Kalyan"]
[Black "Neelash, Saha"]
[Result "0-1"]
[WhiteElo "2483"]
[BlackElo "2334"]
[EventDate "2019.10.15"]
[PlyCount "84"]

1.e4 c6 2.d4 d5 3.e5 Bf5 4.h4 h5 5.Bd3 Bxd3 6.Qxd3 Qa5+ 7.Nd2 e6 8.Nf3 Qa6
9.c4 Ne7 10.O-O Nf5 11.b3 Be7 12.a4 Nd7 13.Ba3 Bxa3 14.Rxa3 Qb6 15.b4 Qd8 
16.cxd5 cxd5 17.Rc1 Rc8 18.Rxc8 Qxc8 19.Rc3 Qb8 20.Qc2 O-O 21.a5 Rd8 22.b5
Ne7 23.Ng5 Nf8 24.Qd1 Rc8 25.Qxh5 Rxc3 26.Qxf7+ Kh8 27.Qxe7 Rc7 28.Qa3 Kg8
29.Ndf3 Qe8 30.Qd3 Rc4 31.Qb1 Qe7 32.b6 Rb4 33.Qc2 axb6 34.axb6 Rxb6 35.g4
Rc6 36.Qd2 b5 37.Ne1 Rc4 38.Ngf3 Qa3 39.h5 Qc1 40.Qa5 b4 41.Qd8 Qf4 42.g5 
Qg4+ 0-1

[Event "58h World U20 ch"]
[Site "New Delhi IND"]
[Date "2019.10.17"]
[Round "4.43"]
[White "Doluweera, Minul Sanjula"]
[Black "Hamad, Essam"]
[Result "0-1"]
[WhiteElo "2191"]
[BlackElo "1849"]
[EventDate "2019.10.15"]
[PlyCount "131"]

1.d4 d5 2.c4 c6 3.cxd5 cxd5 4.Bg5 h6 5.Bh4 Nc6 6.Nc3 Nf6 7.Bxf6 exf6 8.e3 
Be6 9.Nge2 Bd6 10.g3 O-O 11.Bg2 Bc7 12.O-O a6 13.a3 b5 14.b4 Rb8 15.Qb3 
Ne7 16.Nc1 Qd7 17.Nd3 Bb6 18.Rfc1 Rfd8 19.Qd1 Bg4 20.Qd2 Bh3 21.Bh1 Be6 
22.Bg2 Bh3 23.Bh1 Be6 24.a4 Ra8 25.Bg2 Qe8 26.Bf1 Bd7 27.axb5 Bxb5 28.Nxb5
axb5 29.Nc5 Nf5 30.Rxa8 Rxa8 31.Bg2 Ne7 32.Qd3 Rb8 33.Bf1 Bxc5 34.Rxc5 Nc6
35.Qc3 Ne7 36.Bd3 Kf8 37.Qc2 Qd7 38.Qe2 Qa7 39.Bxb5 Qa1+ 40.Kg2 Qb1 41.Qd2
g6 42.h3 Kg7 43.Qc3 Qe4+ 44.Kh2 Qb1 45.Qd2 h5 46.h4 Rb7 47.Kg2 Rb6 48.Qc3 
Qe4+ 49.Kf1 g5 50.hxg5 fxg5 51.Bd3 Qh1+ 52.Ke2 Rf6 53.Qe1 Qf3+ 54.Kd2 Qg2 
55.Rc2 h4 56.gxh4 Rxf2+ 57.Kc3 Rxc2+ 58.Bxc2 g4 59.Qd2 Qf1 60.Qd3 Qe1+ 61.
Kb3 Qxh4 62.Bd1 g3 63.Bf3 Qh2 64.Qc2 Qg1 65.e4 Qxd4 66.Qc3 0-1

[Event "58h World U20 ch"]
[Site "New Delhi IND"]
[Date "2019.10.17"]
[Round "4.44"]
[White "Flores Quillas, Diego Saul Rodrigo"]
[Black "Davis, Holden"]
[Result "1-0"]
[WhiteElo "2164"]
[BlackElo "1817"]
[EventDate "2019.10.15"]
[PlyCount "29"]

1.e4 e6 2.d4 d5 3.Nc3 Bb4 4.e5 c5 5.Qg4 Ne7 6.dxc5 Nbc6 7.Bd2 O-O 8.O-O-O 
Bxc5 9.Qh5 Ng6 10.Nf3 Be7 11.h4 Re8 12.Kb1 a6 13.Bd3 Nf8 14.Bxh7+ Nxh7 15.
Ng5 1-0

[Event "58h World U20 ch"]
[Site "New Delhi IND"]
[Date "2019.10.18"]
[Round "5.1"]
[White "Shtembuliak, Evgeny"]
[Black "Praggnanandhaa, Rameshbabu"]
[Result "1-0"]
[WhiteElo "2577"]
[BlackElo "2567"]
[EventDate "2019.10.15"]
[PlyCount "69"]

1.c4 Nf6 2.Nc3 e6 3.e4 d5 4.cxd5 exd5 5.e5 Ne4 6.Nf3 Bf5 7.d4 Nc6 8.Bb5 
Be7 9.O-O O-O 10.h3 f6 11.Be3 fxe5 12.dxe5 Nxc3 13.bxc3 Be4 14.Nd4 Nxe5 
15.Ne6 Qd6 16.Nxf8 Rxf8 17.f4 Qg6 18.Qe2 Nd3 19.Rad1 Nc5 20.Kh2 h5 21.h4 
Qf5 22.Bxc5 Bxc5 23.Bd3 Re8 24.c4 c6 25.cxd5 cxd5 26.Bxe4 Rxe4 27.Qd3 Bd4 
28.Rde1 Bb6 29.g3 Ba5 30.Rxe4 dxe4 31.Qc4+ Kh8 32.Rb1 a6 33.Rxb7 e3 34.Re7
Bd2 35.Re8+ 1-0

[Event "58h World U20 ch"]
[Site "New Delhi IND"]
[Date "2019.10.18"]
[Round "5.3"]
[White "Raja, Harshit"]
[Black "Karthikeyan, Murali"]
[Result "0-1"]
[WhiteElo "2440"]
[BlackElo "2617"]
[EventDate "2019.10.15"]
[PlyCount "112"]

1.e4 c5 2.Nf3 Nc6 3.d4 cxd4 4.Nxd4 Nf6 5.Nc3 d6 6.Bg5 e6 7.Qd3 Be7 8.O-O-O
O-O 9.h4 Nxd4 10.Qxd4 e5 11.Qd2 Be6 12.Kb1 a6 13.Be2 b5 14.Bxf6 Bxf6 15.
Qxd6 Qa5 16.Nd5 Bxd5 17.Rxd5 Rac8 18.Qa3 Qxa3 19.bxa3 Rc6 20.h5 Rfc8 21.
Rhd1 g6 22.Rd6 Be7 23.Rxc6 Rxc6 24.hxg6 Rxg6 25.Bf3 Bxa3 26.c3 Rc6 27.Kc2 
Bc5 28.Kb3 Bxf2 29.Be2 Kf8 30.Rf1 Bc5 31.Bh5 f6 32.Rd1 Bb6 33.Be2 Kg7 34.
Rd3 Bf2 35.Rh3 Be1 36.Bg4 a5 37.Be2 Rc5 38.Bf1 h5 39.Re3 Bf2 40.Rf3 Be1 
41.Re3 Bd2 42.Rd3 Bf4 43.Rh3 Bd2 44.Rd3 Bg5 45.Rd7+ Kg6 46.g3 f5 47.exf5+ 
Kxf5 48.c4 bxc4+ 49.Bxc4 Kg4 50.Rd3 Kh3 51.Be6+ Kh2 52.Bf5 a4+ 53.Kb4 Be7 
54.Kxa4 e4 55.Rd4 Rxf5 56.Rxe4 Rf7 0-1

[Event "58h World U20 ch"]
[Site "New Delhi IND"]
[Date "2019.10.18"]
[Round "5.4"]
[White "Agmanov, Zhandos"]
[Black "Sargsian, Shant"]
[Result "1/2-1/2"]
[WhiteElo "2403"]
[BlackElo "2580"]
[EventDate "2019.10.15"]
[PlyCount "108"]

1.e4 e5 2.Nf3 Nc6 3.Bb5 a6 4.Ba4 Nf6 5.O-O Be7 6.Re1 b5 7.Bb3 d6 8.c3 O-O 
9.h3 Re8 10.Ng5 Rf8 11.Nf3 Bb7 12.d4 Re8 13.Ng5 Rf8 14.Nf3 Nd7 15.Nbd2 
exd4 16.cxd4 Bf6 17.Nf1 Na5 18.Bc2 c5 19.Bf4 Re8 20.Rc1 g6 21.Bb3 Rf8 22.
Bc2 Re8 23.b3 cxd4 24.Nxd4 d5 25.Bb1 Rc8 26.Rxc8 Qxc8 27.exd5 Rxe1 28.Qxe1
Bxd4 29.Qxa5 Bc3 30.Qc7 Qxc7 31.Bxc7 Bxd5 32.Ne3 Bc6 33.Kf1 f5 34.Ke2 Kf7 
35.f3 Nc5 36.Bd6 Ne6 37.Bd3 Ke8 38.Kd1 Kd7 39.Bh2 f4 40.Nc2 Bd5 41.Bg1 Kc6
42.Bf1 Kd6 43.Ba7 g5 44.Bf2 h5 45.Bg1 Ke5 46.Bb6 Bc6 47.Ne1 Kd6 48.Nd3 h4 
49.Kc2 Bd4 50.Ba5 Bf6 51.Bb4+ Kc7 52.Nf2 Nd4+ 53.Kd2 Nf5 54.Ng4 Be7 
1/2-1/2

[Event "58h World U20 ch"]
[Site "New Delhi IND"]
[Date "2019.10.18"]
[Round "5.5"]
[White "Amartuvshin, Ganzorig"]
[Black "Iniyan, Panneerselvam"]
[Result "0-1"]
[WhiteElo "2391"]
[BlackElo "2509"]
[EventDate "2019.10.15"]
[PlyCount "88"]

1.d4 Nf6 2.c4 g6 3.Nc3 Bg7 4.e4 d6 5.Be2 O-O 6.Nf3 Nbd7 7.O-O e5 8.Be3 Re8
9.d5 Ng4 10.Bg5 f6 11.Bh4 Nf8 12.Ne1 h5 13.Nd3 Nh6 14.f3 g5 15.Bf2 f5 16.
c5 Ng6 17.Rc1 Re7 18.Nb5 a6 19.Na7 Nf4 20.Nxc8 Rxc8 21.Qc2 Rf7 22.cxd6 
Nxe2+ 23.Qxe2 cxd6 24.Rxc8 Qxc8 25.Rc1 Rc7 26.Rf1 Rf7 27.Rc1 Rc7 28.Be3 f4
29.Rxc7 Qxc7 30.Bf2 Bf6 31.Qd2 Bd8 32.Qc3 Qd7 33.b3 g4 34.fxg4 Nxg4 35.h3 
Nf6 36.Qc4 b5 37.Qc6 Qxc6 38.dxc6 a5 39.Ba7 Bc7 40.b4 a4 41.Nb2 Nxe4 42.
Nxa4 bxa4 43.b5 Nc3 44.b6 Nb5 0-1

[Event "58h World U20 ch"]
[Site "New Delhi IND"]
[Date "2019.10.18"]
[Round "5.6"]
[White "Mendonca, Leon Luke"]
[Black "Khanin, Semen"]
[Result "1/2-1/2"]
[WhiteElo "2388"]
[BlackElo "2507"]
[EventDate "2019.10.15"]
[PlyCount "76"]

1.d4 Nf6 2.c4 g6 3.Nc3 d5 4.cxd5 Nxd5 5.e4 Nxc3 6.bxc3 Bg7 7.Be3 c5 8.Rc1 
Qa5 9.Qd2 O-O 10.Nf3 Nd7 11.d5 Nf6 12.Bd3 c4 13.Bb1 e6 14.dxe6 Bxe6 15.h3 
Rfe8 16.O-O Rad8 17.Nd4 Bc8 18.Bg5 Re5 19.Bf4 Nxe4 20.Qe3 Nxc3 21.Bxe5 
Bxe5 22.Qxc3 Qxc3 23.Rxc3 Rxd4 24.Re3 Rd5 25.Rfe1 f6 26.Re4 b5 27.f4 Bd4+ 
28.Kh2 Bd7 29.Rd1 Bf5 30.Rexd4 Rxd4 31.Rxd4 Bxb1 32.a4 a6 33.axb5 axb5 34.
Rd8+ Kf7 35.Rb8 c3 36.Rxb5 Be4 37.Rc5 c2 38.Kg1 Ke6 1/2-1/2

[Event "58h World U20 ch"]
[Site "New Delhi IND"]
[Date "2019.10.18"]
[Round "5.8"]
[White "Haria, Ravi"]
[Black "Aaryan, Varshney"]
[Result "1/2-1/2"]
[WhiteElo "2463"]
[BlackElo "2239"]
[EventDate "2019.10.15"]
[PlyCount "64"]

1.e4 c5 2.Nf3 d6 3.Bb5+ Bd7 4.Bxd7+ Qxd7 5.c4 Nc6 6.Nc3 Nf6 7.d4 cxd4 8.
Nxd4 g6 9.f3 Bg7 10.Be3 O-O 11.O-O a6 12.Qd3 Ne5 13.Qe2 Rac8 14.b3 b5 15.
Nd5 Nxd5 16.cxd5 Rc3 17.Rad1 Rfc8 18.h3 Qb7 19.f4 Nd7 20.Nc6 Nb8 21.Bd4 
Bxd4+ 22.Nxd4 Nd7 23.Nc6 Nb8 24.Nd4 Nd7 25.Kh2 Nf6 26.Rde1 Qc7 27.Qd2 Qc5 
28.Rf2 Kg7 29.f5 Rc1 30.Re3 Rc3 31.Re1 Rc1 32.Re3 Rc3 1/2-1/2

[Event "58h World U20 ch"]
[Site "New Delhi IND"]
[Date "2019.10.18"]
[Round "5.9"]
[White "Raja Rithvik, R."]
[Black "Tabatabaei, Mohammadamin"]
[Result "1/2-1/2"]
[WhiteElo "2369"]
[BlackElo "2642"]
[EventDate "2019.10.15"]
[PlyCount "115"]

1.d4 Nf6 2.c4 e6 3.Nf3 b6 4.g3 Bb7 5.Bg2 Be7 6.O-O O-O 7.Nc3 Ne4 8.Bd2 
Nxd2 9.Qxd2 d6 10.e4 Nd7 11.Rad1 Bf6 12.Rfe1 g6 13.h4 Bg7 14.h5 h6 15.d5 
g5 16.Nd4 Bxd4 17.Qxd4 e5 18.Qd2 Nf6 19.Bf3 Qd7 20.Kg2 Bc8 21.Rh1 Ne8 22.
Rdf1 f5 23.exf5 Qxf5 24.Be4 Qf7 25.f4 exf4 26.gxf4 Qd7 27.Qe3 Qg4+ 28.Qg3 
Rxf4 29.Rxf4 gxf4 30.Qxg4+ Bxg4 31.Bf3 Nf6 32.Ne2 Re8 33.Nxf4 Bf5 34.Ne2 
Bd3 35.Nf4 Bf5 36.Ne2 Re5 37.Nd4 Bd7 38.b3 a5 39.Kg3 Be8 40.Kf4 Bxh5 41.
Nb5 Bxf3 42.Kxf3 Rf5+ 43.Kg2 Rg5+ 44.Kf3 Rf5+ 45.Kg2 Rh5 46.Rxh5 Nxh5 47.
Nxc7 Nf6 48.Nb5 Ne8 49.Na7 Kf7 50.Nc8 Kf6 51.Nxb6 Ke5 52.a3 Kd4 53.b4 axb4
54.axb4 Nc7 55.Kg3 Na6 56.b5 Nb8 57.Kg4 Kc5 58.Nc8 1/2-1/2

[Event "58h World U20 ch"]
[Site "New Delhi IND"]
[Date "2019.10.18"]
[Round "5.10"]
[White "Aravindh, Chithambaram"]
[Black "Sammed Shete, Jaykumar"]
[Result "1/2-1/2"]
[WhiteElo "2609"]
[BlackElo "2392"]
[EventDate "2019.10.15"]
[PlyCount "106"]

1.e4 c5 2.Nf3 Nc6 3.d4 cxd4 4.Nxd4 Nf6 5.Nc3 d6 6.Bg5 e6 7.Qd3 a6 8.Nxc6 
bxc6 9.O-O-O Qa5 10.Qg3 Bb7 11.Bc4 O-O-O 12.Bd2 Qc7 13.Rhe1 d5 14.Qxc7+ 
Kxc7 15.Bf4+ Kc8 16.Na4 Nd7 17.Bb3 Bb4 18.Re2 Rhe8 19.f3 f6 20.c3 Ba5 21.
Be3 Bc7 22.Bc2 g6 23.g3 a5 24.f4 Ba6 25.Ree1 Bb5 26.Nc5 Bb6 27.Nb3 Kc7 28.
Bxb6+ Kxb6 29.Nd4 Ba6 30.exd5 exd5 31.b4 axb4 32.cxb4 Bc4 33.Ba4 Nb8 34.
Kb2 Re4 35.Bc2 Ree8 36.a4 Rc8 37.a5+ Kc7 38.Ba4 Kd6 39.Rc1 Na6 40.Ka3 Nxb4
41.Rxe8 Rxe8 42.Kxb4 c5+ 43.Ka3 Re3+ 44.Nb3 Bxb3 45.Bxb3 c4 46.Rb1 Kc5 47.
Ka2 cxb3+ 48.Rxb3 Re7 49.Kb2 d4 50.a6 Re2+ 51.Kb1 Re1+ 52.Ka2 Re2+ 53.Kb1 
Re1+ 1/2-1/2

[Event "58h World U20 ch"]
[Site "New Delhi IND"]
[Date "2019.10.18"]
[Round "5.13"]
[White "Zlatin, Alexander"]
[Black "Visakh, Narayanan Rajeswari"]
[Result "0-1"]
[WhiteElo "2263"]
[BlackElo "2529"]
[EventDate "2019.10.15"]
[PlyCount "108"]

1.e4 g6 2.d4 Bg7 3.Nc3 d6 4.g3 Nc6 5.Be3 Nf6 6.h3 O-O 7.Bg2 e5 8.Nge2 exd4
9.Nxd4 Ne5 10.Qe2 c5 11.Nb3 Be6 12.Rd1 Qe7 13.Nd2 Nc6 14.Nc4 Nd7 15.O-O a6
16.Nd5 Bxd5 17.Rxd5 b5 18.Nxd6 Nb6 19.Nf5 gxf5 20.Bxc5 Qc7 21.Rxf5 Rfe8 
22.e5 Rad8 23.f4 Nxe5 24.Bf2 Nd3 25.Qg4 Nxf2 26.Rxf2 Qd7 27.c3 Nc4 28.Rd5 
Qxg4 29.hxg4 Re1+ 30.Kh2 Rde8 31.Bf3 Kf8 32.g5 h6 33.gxh6 Bxh6 34.b3 Ne3 
35.Rd7 Re7 36.Rd6 Re6 37.Rxe6 fxe6 38.a4 bxa4 39.bxa4 Rf1 40.Rxf1 Nxf1+ 
41.Kg2 Nd2 42.Be2 a5 43.Bb5 Ke7 44.Kh3 Bg7 45.c4 Kd6 46.Kg4 Kc5 47.Bd7 e5 
48.f5 e4 49.Kh3 e3 50.Kg2 Bd4 51.f6 Bxf6 52.Bg4 Kxc4 53.Be2+ Kd4 54.g4 Ne4
0-1

[Event "58h World U20 ch"]
[Site "New Delhi IND"]
[Date "2019.10.18"]
[Round "5.16"]
[White "Raghunandan, Kaumandur Srihari"]
[Black "Winkelman, Albert"]
[Result "1-0"]
[WhiteElo "2449"]
[BlackElo "2143"]
[EventDate "2019.10.15"]
[PlyCount "89"]

1.d4 Nf6 2.Bg5 d5 3.e3 h6 4.Bxf6 exf6 5.c4 dxc4 6.Bxc4 Bd6 7.Nc3 f5 8.Nf3 
Nd7 9.O-O O-O 10.Qc2 Nf6 11.Rfd1 a6 12.a3 Qe7 13.Nh4 Ng4 14.Ng6 Bxh2+ 15.
Kf1 Qg5 16.Nxf8 Bg3 17.Nd5 Bd6 18.Be2 Kxf8 19.Bxg4 Qxg4 20.Nxc7 Rb8 21.
Rdc1 Bd7 22.Nd5 Bc6 23.f3 Qh4 24.Nf4 g5 25.Nh3 g4 26.fxg4 fxg4 27.Nf2 Bb5+
28.Ke1 Bg3 29.a4 Qh1+ 30.Kd2 Qxg2 31.Qc5+ Kg8 32.axb5 Bxf2 33.Qf5 Bxe3+ 
34.Kxe3 Re8+ 35.Kd3 Qe2+ 36.Kc3 Re3+ 37.Kb4 Qxb2+ 38.Ka5 Ra3+ 39.Kb6 Qxd4+
40.Kxb7 Rxa1 41.Rxa1 axb5 42.Rf1 Qg7 43.Rf4 h5 44.Qxh5 f5+ 45.Kc6 1-0

[Event "58h World U20 ch"]
[Site "New Delhi IND"]
[Date "2019.10.18"]
[Round "5.19"]
[White "Albornoz Cabrera, Carlos Daniel"]
[Black "Rakesh Kumar, Jena"]
[Result "1-0"]
[WhiteElo "2581"]
[BlackElo "2355"]
[EventDate "2019.10.15"]
[PlyCount "45"]

1.e4 c5 2.Nf3 d6 3.d4 cxd4 4.Nxd4 Nf6 5.Nc3 Nc6 6.Bg5 e6 7.Qd2 a6 8.O-O-O 
Bd7 9.f4 Be7 10.Nf3 b5 11.e5 b4 12.exf6 bxc3 13.Qxc3 gxf6 14.Bh6 d5 15.a3 
Rg8 16.f5 Qb6 17.Be3 Qb7 18.fxe6 fxe6 19.Bc5 Bxc5 20.Qxc5 Rc8 21.Qe3 Ne7 
22.Bd3 Qb3 23.Bg6+ 1-0

[Event "58h World U20 ch"]
[Site "New Delhi IND"]
[Date "2019.10.18"]
[Round "5.20"]
[White "Dobrovoljc, Vid"]
[Black "Gazik, Viktor"]
[Result "0-1"]
[WhiteElo "2389"]
[BlackElo "2546"]
[EventDate "2019.10.15"]
[PlyCount "92"]

1.e4 Nf6 2.e5 Nd5 3.d4 d6 4.Nf3 c6 5.c4 Nb6 6.Nc3 Bg4 7.exd6 exd6 8.h3 Bh5
9.Be3 Be7 10.b3 a5 11.a4 Na6 12.Be2 d5 13.c5 Nd7 14.Qd2 O-O 15.O-O Re8 16.
Ne1 Bxe2 17.Nxe2 b6 18.cxb6 Qxb6 19.Nd3 Nf6 20.Rfc1 Nb4 21.Ng3 Bd6 22.Nxb4
Bxb4 23.Qd3 Re6 24.Bf4 Ne4 25.Nf1 Rf6 26.Be3 Re8 27.Ra2 Rfe6 28.Bf4 Rf6 
29.Bh2 h6 30.Re2 Rfe6 31.Rec2 c5 32.Be5 f6 33.dxc5 Nxc5 34.Qxd5 Rd8 35.Bc7
Rxd5 36.Bxb6 Rxb6 37.Ne3 Rbd6 38.Nxd5 Rxd5 39.Re2 Nxb3 40.Rc8+ Kh7 41.Rc4 
Rd1+ 42.Kh2 Nd2 43.Rc2 Nf1+ 44.Kg1 Bd6 45.f4 Ne3+ 46.Kf2 Nxc2 0-1

[Event "58h World U20 ch"]
[Site "New Delhi IND"]
[Date "2019.10.18"]
[Round "5.21"]
[White "Lobanov, Sergei"]
[Black "Pogosian, Stefan"]
[Result "0-1"]
[WhiteElo "2516"]
[BlackElo "2364"]
[EventDate "2019.10.15"]
[PlyCount "80"]

1.e4 c5 2.Nf3 e6 3.d4 cxd4 4.Nxd4 Nc6 5.Nc3 Qc7 6.Be3 Nf6 7.Ndb5 Qb8 8.f4 
a6 9.e5 axb5 10.exf6 b4 11.Nb5 b6 12.fxg7 Bxg7 13.Nd6+ Ke7 14.Nc4 Ra6 15.
Qd2 Rd8 16.Rd1 d6 17.Qf2 b5 18.Nxd6 Rxd6 19.Bc5 Nd8 20.Bxb4 Bd7 21.Rxd6 
Rxd6 22.c3 Ke8 23.Bxd6 Qxd6 24.Qd2 Qc5 25.Bd3 Nb7 26.Bxh7 f5 27.Bg6+ Ke7 
28.Qf2 Qc4 29.Bh5 Nd6 30.Bf3 b4 31.Qh4+ Bf6 32.Qh7+ Nf7 33.Kf2 bxc3 34.
bxc3 Qxf4 35.Rd1 Bc6 36.Rd3 Bxc3 37.g3 Bd4+ 38.Kf1 Qc1+ 39.Bd1 Bb5 40.Qh4+
Kf8 0-1

[Event "58h World U20 ch"]
[Site "New Delhi IND"]
[Date "2019.10.18"]
[Round "5.25"]
[White "Jablonicky, Martin"]
[Black "Janik, Igor"]
[Result "0-1"]
[WhiteElo "2333"]
[BlackElo "2467"]
[EventDate "2019.10.15"]
[PlyCount "54"]

1.e4 c5 2.Nf3 e6 3.c3 d5 4.e5 d4 5.cxd4 cxd4 6.Bb5+ Bd7 7.Nxd4 Qg5 8.O-O 
Qxe5 9.Bxd7+ Nxd7 10.Nf3 Qc7 11.Nc3 Ngf6 12.d4 Bb4 13.Bg5 Bxc3 14.Rc1 Qa5 
15.Rxc3 Qxa2 16.Ne5 O-O 17.Rb3 b6 18.f4 Qa4 19.Bh6 Ne8 20.f5 exf5 21.Rxf5 
Nxe5 22.dxe5 Qe4 23.Rg5 Rd8 24.Qf1 f6 25.Rf3 Kh8 26.Bxg7+ Nxg7 27.Rxf6 
Qe3+ 0-1

[Event "58h World U20 ch"]
[Site "New Delhi IND"]
[Date "2019.10.18"]
[Round "5.29"]
[White "Hollan, Martin"]
[Black "Donoso Diaz, Sebastian"]
[Result "1-0"]
[WhiteElo "2403"]
[BlackElo "2203"]
[EventDate "2019.10.15"]
[PlyCount "85"]

1.e4 c5 2.Nf3 e6 3.d4 cxd4 4.Nxd4 Nc6 5.Nc3 Qc7 6.g3 Nf6 7.Bg2 a6 8.O-O h5
9.Re1 Nxd4 10.Qxd4 Bc5 11.Bf4 d6 12.Qd2 e5 13.Be3 Be6 14.Bxc5 Qxc5 15.Nd5 
Bxd5 16.exd5 Rc8 17.Bh3 Rd8 18.Rad1 h4 19.Kg2 hxg3 20.hxg3 Rh5 21.g4 Rh8 
22.f4 Kf8 23.fxe5 dxe5 24.Rxe5 Qc4 25.Qd3 Qf4 26.Rf5 Qd6 27.Qf3 Re8 28.Rf1
Qc5 29.d6 Qxd6 30.g5 Qd2+ 31.Rf2 Qc1 32.gxf6 g6 33.Rd5 Kg8 34.Re2 Rf8 35.
c3 Rh4 36.Rd4 Rh5 37.Qe3 Qb1 38.Rg4 Kh7 39.Qe7 Qd1 40.Rg3 Rh4 41.Rg4 Rh5 
42.Rd4 Rg5+ 43.Bg4 1-0

[Event "58h World U20 ch"]
[Site "New Delhi IND"]
[Date "2019.10.18"]
[Round "5.32"]
[White "Arjun, Kalyan"]
[Black "Papadiamandis, Elliot"]
[Result "1-0"]
[WhiteElo "2483"]
[BlackElo "2190"]
[EventDate "2019.10.15"]
[PlyCount "93"]

1.e4 c5 2.Nf3 d6 3.Bb5+ Nd7 4.Ba4 a6 5.c4 Nf6 6.Nc3 e6 7.O-O Be7 8.d4 cxd4
9.Qxd4 O-O 10.Rd1 Qc7 11.Bxd7 Bxd7 12.Bf4 Bc6 13.Bxd6 Bxd6 14.Qxd6 Qxd6 
15.Rxd6 Bxe4 16.Ne5 Rfd8 17.Rad1 Rxd6 18.Rxd6 Rc8 19.f3 Bc6 20.Nxc6 bxc6 
21.Na4 Kf8 22.Nb6 Rc7 23.Rd8+ Ke7 24.Ra8 Nd7 25.Rxa6 Nc5 26.Ra5 Kd6 27.b3 
Nb7 28.Rh5 g6 29.Rxh7 Kc5 30.Na4+ Kb4 31.Rh8 Rd7 32.Kf2 Rd8 33.Rxd8 Nxd8 
34.Ke3 Ka3 35.Nc5 Kxa2 36.Kd3 Ka3 37.Kc3 e5 38.b4 f5 39.b5 cxb5 40.cxb5 g5
41.b6 Nc6 42.b7 Nb8 43.Kc4 e4 44.fxe4 f4 45.h3 Nc6 46.Kb5 Nb8 47.e5 1-0

[Event "58h World U20 ch"]
[Site "New Delhi IND"]
[Date "2019.10.18"]
[Round "5.34"]
[White "Tifferet, Shaked"]
[Black "Di Benedetto, Edoardo"]
[Result "1/2-1/2"]
[WhiteElo "2224"]
[BlackElo "2401"]
[EventDate "2019.10.15"]
[PlyCount "78"]

1.Nf3 d5 2.g3 Nf6 3.Bg2 e6 4.O-O Be7 5.c4 O-O 6.b3 d4 7.e3 Nc6 8.exd4 Nxd4
9.Bb2 Bc5 10.Ne5 Qd6 11.Nd3 Rd8 12.Nc3 e5 13.Nxc5 Qxc5 14.Nd5 Nxd5 15.cxd5
Bf5 16.Rc1 Qa5 17.Re1 Re8 18.a3 Qb6 19.Re3 Rad8 20.b4 a5 21.Qa4 axb4 22.
Qxb4 Qxb4 23.axb4 f6 24.Rxc7 Rc8 25.Rxc8 Rxc8 26.h3 Nb5 27.Bc3 Kf7 28.f4 
exf4 29.gxf4 Re8 30.Kf2 Rxe3 31.Kxe3 Ke7 32.h4 Kd7 33.Bf1 Nd6 34.Kd4 b6 
35.Be2 h6 36.Ke3 Kc7 37.Kd4 Bc8 38.Bd3 Bh3 39.Be4 Bc8 1/2-1/2

[Event "58h World U20 ch"]
[Site "New Delhi IND"]
[Date "2019.10.18"]
[Round "5.35"]
[White "Rajdeep, Sarkar"]
[Black "Flores Quillas, Diego Saul Rodrigo"]
[Result "1-0"]
[WhiteElo "2384"]
[BlackElo "2164"]
[EventDate "2019.10.15"]
[PlyCount "69"]

1.Nf3 c5 2.c4 Nc6 3.d4 cxd4 4.Nxd4 Nf6 5.Nc3 e6 6.a3 d5 7.cxd5 exd5 8.Bg5 
Be7 9.e3 O-O 10.Be2 Qb6 11.Na4 Qd8 12.O-O Ne5 13.Qb3 Bg4 14.Bxf6 Bxf6 15.
Nc3 Be6 16.Rad1 Qd7 17.Nxe6 fxe6 18.e4 d4 19.f4 Ng6 20.e5 Bd8 21.Bc4 Kh8 
22.Bxe6 Qe7 23.Ne2 Bb6 24.Kh1 Rad8 25.Bc4 Nh4 26.Bd3 g5 27.g3 Ng6 28.Bxg6 
hxg6 29.Qd3 Kg7 30.Qe4 Qf7 31.Nxd4 Bxd4 32.Rxd4 Rxd4 33.Qxd4 Qc7 34.e6+ 
Kh7 35.Qd7+ 1-0

[Event "58h World U20 ch"]
[Site "New Delhi IND"]
[Date "2019.10.18"]
[Round "5.38"]
[White "Hamad, Essam"]
[Black "Pranav, V."]
[Result "0-1"]
[WhiteElo "1849"]
[BlackElo "2308"]
[EventDate "2019.10.15"]
[PlyCount "146"]

1.e4 c5 2.Nf3 Nc6 3.c3 Nf6 4.e5 Nd5 5.d4 cxd4 6.cxd4 d6 7.Bc4 Nb6 8.Bb5 
Bd7 9.exd6 e6 10.Nc3 Bxd6 11.O-O a6 12.Bd3 Nb4 13.Bb1 Rc8 14.Ne4 Bc6 15.
Nxd6+ Qxd6 16.Ne5 N4d5 17.Qg4 Kf8 18.Qg3 Qc7 19.Nxc6 Qxg3 20.hxg3 Rxc6 21.
Be4 Ke7 22.Bd2 Rc4 23.Rfd1 Kd7 24.Ba5 f5 25.Bf3 Rb8 26.g4 g6 27.gxf5 gxf5 
28.Rd2 Kd6 29.Re1 Nd7 30.b3 Rcc8 31.Rde2 Re8 32.g3 Rbc8 33.Kg2 N7f6 34.Bd2
Rc2 35.Bg5 Rxe2 36.Rxe2 b6 37.Rc2 Ne4 38.Bxe4 fxe4 39.Re2 Rg8 40.Bc1 Rg4 
41.Kh3 h5 42.Rc2 Kd7 43.a3 b5 44.Bd2 Rg6 45.Kh4 Rf6 46.Bc1 Rf3 47.b4 Rd3 
48.Kxh5 Rxd4 49.Bb2 Rd3 50.Re2 Rb3 51.Kh4 Kd6 52.g4 Nf4 53.Rc2 Nd3 54.Bf6 
Rxa3 55.g5 Nf4 56.Rc8 Rf3 57.Rd8+ Kc7 58.Rd4 Nd5 59.Be5+ Kd7 60.Rxe4 Rxf2 
61.g6 Ke7 62.g7 Kf7 63.Bg3 Rf6 64.Be5 Rh6+ 65.Kg5 Rg6+ 66.Kh4 Nf6 67.Rf4 
Rh6+ 68.Kg3 Kxg7 69.Rd4 Kg6 70.Rd8 Kf5 71.Ba1 Nd5 72.Rf8+ Ke4 73.Bb2 Rg6+ 
0-1